01012nam a22002897a 45000010005000000030006000050050017000110080041000280200015000690400029000840500014001130820008001271000018001352450035001532500043001882600036002313000061002674900019003285050008003475200129003555210019004845210020005036000033005239420015005569990015005719520136005863044FISKH20240201103158.0240201b cb ||||| |||| 00| 0 eng d a059042694X aFISKHbengcFISKHdFISKH aPZ7.C8682 a813 aCrews, Donald aFreight Train /cCrews, Donald aFirst Scholastic printing , April 1989 aNew York : bScholastic, c1978 a22 unnumbered pages : bcolor illustrations ; c21 cm .  a Freight Train aB  aBrief text and illustrations trace the journey of a colorful train as it goes through tunnels, by cities, and over trestles.8 a60 bLexile 8 aB bRaz-Plus  2transportation vnon-fiction 2ddccBKn0 c3044d3044 00102ddc40708JUVFa001b002cTTPd2024-02-01l1oCRE 813 PZ7.C8682pFISTK02217r2025-10-03 10:03:16s2025-09-19w2024-02-01yBK